| 000 | 00866nam a2200193Ia 4500 | ||
|---|---|---|---|
| 008 | 250910t1987||||xx |||||||||||||| ||spa|| | ||
| 040 |
_agtgcusco _bspa _cgtgcusco _dgtgcusco |
||
| 041 | _aspa | ||
| 084 | _aT1036 | ||
| 100 |
_aArreaga García, Silvia Patricia _915595 |
||
| 245 | 0 | _aEvaluación del estado periodontal de la población infantil comprendida entre 7 y 10 años de edad de la Escuela Nacional Juan Bautista Gutiérrez del municipio de San Cristóbal, departamento de Totonicapán. | |
| 260 |
_aGuatemala : _bUSAC, _c1987 |
||
| 300 |
_a65 p. : _bil. : _c27 cm. |
||
| 336 |
_atexto _btxt _2rdacontenido |
||
| 337 |
_aSin mediación _bn _2rdamedio |
||
| 338 |
_avolumen _bnc _2rdasoporte |
||
| 502 | _aTesis (Cirujano Dentista) -- Universidad de San Carlos de Guatemala, Facultad de Odontología. -- | ||
| 942 |
_aBiblioteca Facultad de Odontología _cTESIS _kT1036 |
||
| 999 |
_c6864 _d6864 |
||